000 00465nam a22001217a 4500
999 _c18744
_d18744
008 210205b xxu||||| |||| 00| 0 eng d
050 _aGMB0154
_b.T48 2015 c.1
100 _aThuo, Jane Wamuyu
245 _aEffect of organizational culture on leading strategic change in public secondary's schools in Nakuru sub-county, Nakuru county, Kenya
_cJane wamuyu
260 _aKabarak, Nakuru, Kenya
_bKabarak University
_c2015
300 _a73 leaves
942 _2lcc
_cTHE